[Event "RACC ch"]
[Site "Ottawa CAN"]
[Date "2006.01.26"]
[Round "4"]
[White "Holmes, Mike"]
[Black "Pacey, Kevin"]
[Result "1/2-1/2"]
[WhiteElo "1645"]
[BlackElo "2234"]
[PlyCount "118"]
[EventDate "2006.01.05"]
[EventType "swiss"]
[EventRounds "7"]
[EventCountry "CAN"]

1. d4 d5 2. Nf3 e6 3. Bf4 Bd6 4. Qd2 Nf6 5. Bg5 Ne4 6. Bxd8 Nxd2 7. Nbxd2 Kxd8
8. e3 c5 9. c3 Nc6 10. Rd1 cxd4 11. exd4 Rb8 12. Be2 b5 13. a3 a5 14. O-O Bd7
15. Ng5 Ke7 16. f4 b4 17. axb4 axb4 18. g3 bxc3 19. bxc3 Rb2 20. Ngf3 Ra8 21.
Rb1 Rc2 22. Rfc1 Raa2 23. Bd3 Rxd2 24. Nxd2 Rxd2 25. Bb5 Na5 26. Bxd7 Kxd7 27.
Rb5 Ra2 28. f5 Kc6 29. Rcb1 exf5 30. Rb6+ Kd7 31. Ra6 Ra3 32. Rb5 Nc4 33. Rxa3
Nxa3 34. Rxd5 Ke6 35. Ra5 Nc4 36. Rb5 h5 37. Kf2 h4 38. gxh4 Bxh2 39. Rc5 Nd6
40. Kf3 g6 41. Ra5 Ne4 42. Kg2 Bc7 43. Ra6+ Kd5 44. h5 gxh5 45. Rh6 Nxc3 46.
Rxh5 Ke4 47. Rh7 Bb6 48. Rxf7 Bxd4 49. Re7+ Be5 50. Kf2 f4 51. Re8 Nd5 52. Re6
Ne3 53. Re8 Ng4+ 54. Ke2 f3+ 55. Kf1 Ke3 56. Rf8 Bf6 57. Re8+ Be5 58. Rf8 f2
59. Rf3+ Kxf3 1/2-1/2

[Event "RACC ch"]
[Site "Ottawa CAN"]
[Date "2006.02.02"]
[Round "5"]
[White "Schwartz, Saul"]
[Black "Pacey, Kevin"]
[Result "0-1"]
[WhiteElo "1494"]
[BlackElo "2234"]
[PlyCount "68"]
[EventDate "2006.01.05"]
[EventType "swiss"]
[EventRounds "7"]
[EventCountry "CAN"]

1. e4 d6 2. d4 Nf6 3. Nc3 g6 4. Nf3 Bg7 5. e5 dxe5 6. dxe5 Qxd1+ 7. Nxd1 Ng4 8.
Bf4 Nc6 9. Bb5 Bd7 10. Bxc6 Bxc6 11. e6 fxe6 12. Bxc7 Rc8 13. Bg3 O-O 14. h3
Bxf3 15. gxf3 Ne5 16. f4 Nf3+ 17. Kf1 Rxc2 18. Kg2 Nd4 19. Ne3 Rxb2 20. Rhc1
Nc6 21. Nc4 Re2 22. Kf3 Nd4+ 23. Kg2 Rc8 24. Rab1 b5 25. Ne5 Rxc1 26. Rxc1 Bxe5
27. fxe5 Rxa2 28. Rc7 Kf7 29. Bh4 Nf5 30. Bg3 a5 31. Kf3 b4 32. Rb7 b3 33. Ke4
a4 34. f4 Nxg3+ 0-1

[Event "RACC ch"]
[Site "Ottawa CAN"]
[Date "2006.02.09"]
[Round "6"]
[White "Pacey, Kevin"]
[Black "Danilov, Alex"]
[Result "1-0"]
[WhiteElo "2234"]
[BlackElo "1920"]
[PlyCount "45"]
[EventDate "2006.01.05"]
[EventType "swiss"]
[EventRounds "7"]
[EventCountry "CAN"]

1. d4 Nf6 2. c4 e6 3. Nc3 Bb4 4. Bg5 h6 5. Bh4 b5 6. cxb5 a6 7. Qb3 Qe7 8. Bxf6
gxf6 9. b6 cxb6 10. a3 Ba5 11. Qc2 b5 12. b4 Bb6 13. Nd5 Qd8 14. Nxb6 Qxb6 15.
Qxc8+ Ke7 16. Qxh8 Qxd4 17. Rc1 Nc6 18. Qxh6 a5 19. Qe3 Qb2 20. Qd2 Qxa3 21. g3
Nd4 22. Rd1 Qxb4 23. Qxb4+ 1-0

[Event "RACC ch"]
[Site "Ottawa CAN"]
[Date "2006.02.16"]
[Round "7"]
[White "Pacey, Kevin"]
[Black "Sadeghi, Saeid"]
[Result "0-1"]
[WhiteElo "2234"]
[BlackElo "1975"]
[PlyCount "50"]
[EventDate "2006.01.05"]
[EventType "swiss"]
[EventRounds "7"]
[EventCountry "CAN"]

1. d4 Nf6 2. c4 e6 3. Nc3 Bb4 4. Bg5 h6 5. Bh4 c5 6. d5 d6 7. Rc1 g5 8. Bg3 Ne4
9. Qc2 Bxc3+ 10. bxc3 Nxg3 11. hxg3 e5 12. e3 Qe7 13. Bd3 Nd7 14. Bf5 Nb6 15.
Nf3 Kd8 16. Bxc8 Rxc8 17. Qf5 Kc7 18. Nd2 Rce8 19. f3 Qd7 20. Qf6 Qe7 21. Rxh6
Qxf6 22. Rxf6 Rh1+ 23. Nf1 Re7 24. Kf2 Nxc4 25. Rc2 Rxf1+ 0-1

[Event "Richmond Hill Pro-Am int."]
[Site "Richmond Hill CAN"]
[Date "2006.??.??"]
[Round "1"]
[White "Kaufman, Larry"]
[Black "Jiang, Louie"]
[Result "1-0"]
[WhiteElo "2358"]
[BlackElo "1965"]
[PlyCount "51"]
[EventDate "2006.08.04"]
[EventType "tourn"]
[EventRounds "9"]
[EventCountry "CAN"]

1. d4 d5 2. c4 e6 3. Nc3 Nf6 4. Nf3 Nbd7 5. cxd5 exd5 6. Bf4 c6 7. e3 Be7 8.
Bd3 O-O 9. Qc2 b6 10. g4 g6 11. h4 Nxg4 12. h5 Kg7 13. O-O-O Rh8 14. Rdg1 Ndf6
15. Ne5 Qe8 16. f3 Nxe5 17. Bxe5 Be6 18. Ne2 c5 19. Nf4 cxd4 20. hxg6 hxg6 21.
Bxg6 Rxh1 22. Rxh1 d3 23. Bxd3 Rc8 24. Bc3 d4 25. Nxe6+ fxe6 26. Qg2+ 1-0

[Event "Richmond Hill Pro-Am int."]
[Site "Richmond Hill CAN"]
[Date "2006.??.??"]
[Round "1"]
[White "Stevens, Christian"]
[Black "Corrales, Fidel"]
[Result "0-1"]
[WhiteElo "2314"]
[BlackElo "2492"]
[PlyCount "94"]
[EventDate "2006.08.04"]
[EventType "tourn"]
[EventRounds "9"]
[EventCountry "CAN"]

1. e4 c5 2. Nf3 d6 3. d4 cxd4 4. Nxd4 Nf6 5. f3 e5 6. Nb3 Be6 7. c4 Nbd7 8. Be3
Rc8 9. Na3 a6 10. Qd2 Be7 11. Be2 O-O 12. O-O Qc7 13. Rac1 Nh5 14. g3 g6 15.
Nb1 Qb8 16. Nc3 Ng7 17. Nd5 Bd8 18. Kg2 b6 19. Rfd1 Kh8 20. Nb4 a5 21. Nd5 f5
22. Nc3 Be7 23. Nd5 Bxd5 24. cxd5 a4 25. Na1 Rxc1 26. Rxc1 Nc5 27. Bd3 Qd8 28.
Nc2 Qd7 29. Qe2 Nxd3 30. Qxd3 fxe4 31. fxe4 Qg4 32. Bh6 Bg5 33. Bxg7+ Kxg7 34.
Re1 h5 35. Qe2 Qc8 36. h4 Bh6 37. Nb4 Qc5 38. Nc6 a3 39. b3 Qc3 40. Rf1 Rxf1
41. Qxf1 Qc2+ 42. Kf3 Qxa2 43. Qa6 Qxb3+ 44. Kg2 Qc2+ 45. Kh3 Qxe4 46. Qb7+ Kh8
47. Qc8+ Kh7 0-1

[Event "Richmond Hill Pro-Am int."]
[Site "Richmond Hill CAN"]
[Date "2006.??.??"]
[Round "2"]
[White "Corrales, Fidel"]
[Black "Thorvardson, Barry"]
[Result "1-0"]
[WhiteElo "2492"]
[BlackElo "2075"]
[PlyCount "117"]
[EventDate "2006.08.04"]
[EventType "tourn"]
[EventRounds "9"]
[EventCountry "CAN"]

1. d4 g6 2. e4 Bg7 3. Nc3 d6 4. f4 a6 5. Nf3 Nd7 6. a4 c5 7. d5 Bxc3+ 8. bxc3
Ngf6 9. e5 dxe5 10. fxe5 Ne4 11. Qd3 f5 12. Be2 O-O 13. O-O c4 14. Qd4 Qb6 15.
Bxc4 Nxc3 16. d6+ e6 17. Bxe6+ Kg7 18. Qxb6 Nxb6 19. Bb3 Bd7 20. Bb2 Nbxa4 21.
Bxa4 Nxa4 22. Bd4 Bb5 23. e6+ Kh6 24. c4 Bxc4 25. Rxa4 Bxe6 26. Bb6 Rae8 27.
Re1 Bd7 28. Rh4+ Kg7 29. Re7+ Rxe7 30. dxe7 Rc8 31. Rd4 Be8 32. Bd8 h6 33. Rd3
Rc1+ 34. Kf2 Rc2+ 35. Rd2 Rxd2+ 36. Nxd2 Kf6 37. Ke3 g5 38. Kd4 b5 39. Kc5 a5
40. Nb1 h5 41. Nc3 b4 42. Nd5+ Kf7 43. Bxa5 b3 44. Bc3 h4 45. Kd6 g4 46. Ne3
Kg6 47. Ke5 Kf7 48. Nxf5 Bc6 49. g3 hxg3 50. hxg3 Bd7 51. Bb2 Bxf5 52. Kxf5
Kxe7 53. Kxg4 Kf7 54. Kf5 Kg8 55. g4 Kh7 56. g5 Kg8 57. Kf6 Kh8 58. g6 Kg8 59.
g7 1-0

[Event "Richmond Hill Pro-Am int."]
[Site "Richmond Hill CAN"]
[Date "2006.??.??"]
[Round "2"]
[White "Zubac, Marius"]
[Black "Stevens, Christian"]
[Result "1/2-1/2"]
[WhiteElo "2217"]
[BlackElo "2314"]
[PlyCount "72"]
[EventDate "2006.08.04"]
[EventType "tourn"]
[EventRounds "9"]
[EventCountry "CAN"]

1. d4 Nf6 2. c4 e6 3. Nc3 c5 4. d5 exd5 5. cxd5 d6 6. e4 g6 7. Bd3 Bg7 8. Nge2
O-O 9. O-O Ng4 10. h3 Ne5 11. Bb1 Na6 12. f4 Nc4 13. Qd3 Na5 14. f5 Nb4 15. Qf3
Nc4 16. f6 Ne5 17. Qf2 Bh8 18. Bh6 Re8 19. Qh4 Nbd3 20. Ng3 Nxb2 21. Bg5 c4 22.
Qh6 Nd7 23. e5 Rxe5 24. Nce4 Qf8 25. Qxf8+ Kxf8 26. Bh6+ Kg8 27. Nxd6 Nxf6 28.
Nge4 Nxe4 29. Bxe4 f5 30. Bf3 Bd7 31. Bf4 Nd3 32. Bxe5 Bxe5 33. Nxc4 Bxa1 34.
Rxa1 Bb5 35. Na5 b6 36. a4 Bd7 1/2-1/2

[Event "Richmond Hill Pro-Am int."]
[Site "Richmond Hill CAN"]
[Date "2006.??.??"]
[Round "3"]
[White "Stevens, Christian"]
[Black "Jiang, Louie"]
[Result "1-0"]
[WhiteElo "2314"]
[BlackElo "1965"]
[PlyCount "120"]
[EventDate "2006.08.04"]
[EventType "tourn"]
[EventRounds "9"]
[EventCountry "CAN"]

1. e4 c5 2. Nf3 d6 3. d4 cxd4 4. Nxd4 Nf6 5. f3 Nc6 6. c4 g6 7. Nc3 Bg7 8. Be3
O-O 9. Qd2 Bd7 10. Rc1 Nxd4 11. Bxd4 Bc6 12. Be2 Nd7 13. Be3 b6 14. O-O Rc8 15.
Nd5 Ne5 16. b3 Re8 17. Rfd1 Qd7 18. Bd4 Qb7 19. Be3 Rcd8 20. Bg5 f6 21. Bf4 Nf7
22. Nb4 Rd7 23. Nxc6 Qxc6 24. Be3 Red8 25. Qd5 Qb7 26. b4 Rc8 27. a4 Qxd5 28.
cxd5 Rdc7 29. f4 f5 30. exf5 Bd4 31. Rxd4 Rxc1+ 32. Bxc1 Rxc1+ 33. Rd1 Rxd1+
34. Bxd1 gxf5 35. Bc2 Nh6 36. h3 Kf7 37. Kf2 e6 38. dxe6+ Kxe6 39. Bb3+ d5 40.
Ke3 Ng8 41. g4 Ne7 42. b5 h6 43. Kd4 Kd6 44. Bc2 fxg4 45. hxg4 Ke6 46. g5 hxg5
47. fxg5 Ng8 48. Bg6 Ne7 49. Bh7 Kf7 50. Ke5 Kg7 51. Bd3 Kf7 52. Kd6 Ke8 53.
Kc7 d4 54. Be4 Kf7 55. Kb7 Ng6 56. Kxa7 Ne5 57. Kxb6 d3 58. Bxd3 Nxd3 59. a5
Ne5 60. a6 Nd7+ 1-0

[Event "Richmond Hill Pro-Am int."]
[Site "Richmond Hill CAN"]
[Date "2006.??.??"]
[Round "3"]
[White "Thorvardson, Barry"]
[Black "Zubac, Marius"]
[Result "0-1"]
[WhiteElo "2075"]
[BlackElo "2217"]
[PlyCount "74"]
[EventDate "2006.08.04"]
[EventType "tourn"]
[EventRounds "9"]
[EventCountry "CAN"]

1. e4 c5 2. Nf3 Nc6 3. d4 cxd4 4. Nxd4 Nf6 5. Bc4 e6 6. Nxc6 bxc6 7. Qe2 d5 8.
exd5 cxd5 9. Bb5+ Bd7 10. Bg5 Be7 11. c4 O-O 12. O-O Rb8 13. Rd1 Bxb5 14. cxb5
Ne4 15. Bf4 Bc5 16. Bxb8 Nxf2 17. Rf1 Ne4+ 18. Kh1 Qxb8 19. Nc3 f5 20. Rac1 Bd6
21. Nxe4 fxe4 22. Rxf8+ Qxf8 23. Rf1 Qe7 24. a4 Qh4 25. g4 d4 26. Qc2 h6 27.
Rf2 d3 28. Qd2 Bc5 29. Rg2 Qf6 30. Qc1 Qd4 31. b4 Qxb4 32. g5 hxg5 33. Rxg5 d2
34. Qd1 e3 35. Qh5 Qe4+ 36. Rg2 e2 37. Qxe2 Qxe2 0-1

[Event "Richmond Hill Pro-Am int."]
[Site "Richmond Hill CAN"]
[Date "2006.??.??"]
[Round "4"]
[White "Fedorowicz, John"]
[Black "Stevens, Christian"]
[Result "1/2-1/2"]
[WhiteElo "2482"]
[BlackElo "2314"]
[PlyCount "59"]
[EventDate "2006.08.04"]
[EventType "tourn"]
[EventRounds "9"]
[EventCountry "CAN"]

1. d4 Nf6 2. Nf3 e6 3. c4 c5 4. d5 d6 5. Nc3 exd5 6. cxd5 g6 7. Nd2 Nbd7 8. e4
Bg7 9. Be2 O-O 10. O-O Re8 11. a4 a6 12. Qc2 Nh5 13. Bxh5 gxh5 14. Nd1 Rb8 15.
Ne3 Ne5 16. a5 Bd7 17. Ra3 Kh8 18. h3 Rg8 19. f4 Ng6 20. Ndc4 Qe7 21. Kh1 Rbe8
22. Rb3 b5 23. axb6 Bd4 24. e5 dxe5 25. Nf5 Bxf5 26. Qxf5 Nh4 27. Qxh5 Rxg2 28.
Nxe5 Reg8 29. Nxf7+ Qxf7 30. Qxf7 1/2-1/2

[Event "Richmond Hill Pro-Am int."]
[Site "Richmond Hill CAN"]
[Date "2006.??.??"]
[Round "4"]
[White "Jiang, Louie"]
[Black "Thorvardson, Barry"]
[Result "1-0"]
[WhiteElo "1965"]
[BlackElo "2075"]
[PlyCount "59"]
[EventDate "2006.08.04"]
[EventType "tourn"]
[EventRounds "9"]
[EventCountry "CAN"]

1. e4 g6 2. d4 Bg7 3. c4 d6 4. Nc3 c5 5. Nf3 cxd4 6. Nxd4 Qb6 7. Nb3 Be6 8. Be3
Qc6 9. Nd4 Qc8 10. Rc1 Nf6 11. f3 Nc6 12. Nd5 Qd8 13. Qd2 O-O 14. Be2 h5 15.
Nxe6 fxe6 16. Nf4 Kf7 17. O-O Rc8 18. Rfd1 b6 19. c5 dxc5 20. Qe1 Nd4 21. Bc4
Rc6 22. Qg3 Qc8 23. Qxg6+ Kg8 24. Bxd4 b5 25. Bxb5 cxd4 26. Rxc6 Qb8 27. Nxe6
Rf7 28. Rdc1 Qxb5 29. Rc8+ Ne8 30. Nxg7 1-0

[Event "Richmond Hill Pro-Am int."]
[Site "Richmond Hill CAN"]
[Date "2006.??.??"]
[Round "5"]
[White "Corrales, Fidel"]
[Black "Jiang, Louie"]
[Result "1-0"]
[WhiteElo "2492"]
[BlackElo "1965"]
[PlyCount "61"]
[EventDate "2006.08.04"]
[EventType "tourn"]
[EventRounds "9"]
[EventCountry "CAN"]

1. d4 d5 2. c4 e6 3. Nc3 Nf6 4. Nf3 Nbd7 5. cxd5 exd5 6. Bg5 c6 7. Qc2 Be7 8.
e3 O-O 9. Bd3 Re8 10. O-O h6 11. Bh4 Ne4 12. Bxe4 Bxh4 13. Bh7+ Kh8 14. Bd3 Be7
15. Rab1 Bd6 16. b4 Nf6 17. h3 Be6 18. b5 Qc8 19. bxc6 bxc6 20. Ne5 Bxe5 21.
dxe5 Nd7 22. f4 Nc5 23. f5 Nxd3 24. Qxd3 Bd7 25. e6 fxe6 26. f6 Rg8 27. Qg6 Qc7
28. Rb4 Qe5 29. Rh4 Qxe3+ 30. Kh1 c5 31. Rff4 1-0

[Event "Richmond Hill Pro-Am int."]
[Site "Richmond Hill CAN"]
[Date "2006.??.??"]
[Round "5"]
[White "Thorvardson, Barry"]
[Black "Fedorowicz, John"]
[Result "0-1"]
[WhiteElo "2075"]
[BlackElo "2482"]
[PlyCount "36"]
[EventDate "2006.08.04"]
[EventType "tourn"]
[EventRounds "9"]
[EventCountry "CAN"]

1. e4 c5 2. Nf3 Nc6 3. d4 cxd4 4. Nxd4 Nf6 5. Nc3 d6 6. Bg5 Qb6 7. Bxf6 gxf6 8.
Nxc6 bxc6 9. b3 Qa5 10. Qf3 Bg7 11. Bc4 f5 12. O-O Qxc3 13. Qh5 Qf6 14. e5 Qg6
15. Qf3 d5 16. Bd3 Qg4 17. Qe3 f4 18. Qc5 f3 0-1

[Event "Richmond Hill Pro-Am int."]
[Site "Richmond Hill CAN"]
[Date "2006.??.??"]
[Round "6"]
[White "Fedorowicz, John"]
[Black "Corrales, Fidel"]
[Result "1/2-1/2"]
[WhiteElo "2482"]
[BlackElo "2492"]
[PlyCount "21"]
[EventDate "2006.08.04"]
[EventType "tourn"]
[EventRounds "9"]
[EventCountry "CAN"]

1. d4 d5 2. c4 c6 3. cxd5 cxd5 4. Nc3 Nf6 5. Nf3 Nc6 6. Bf4 Bf5 7. e3 a6 8. Bd3
Bxd3 9. Qxd3 e6 10. O-O Bd6 11. Bxd6 1/2-1/2

[Event "Richmond Hill Pro-Am int."]
[Site "Richmond Hill CAN"]
[Date "2006.??.??"]
[Round "6"]
[White "Jiang, Louie"]
[Black "Zubac, Marius"]
[Result "0-1"]
[WhiteElo "1965"]
[BlackElo "2217"]
[PlyCount "78"]
[EventDate "2006.08.04"]
[EventType "tourn"]
[EventRounds "9"]
[EventCountry "CAN"]

1. e4 c5 2. Nf3 Nc6 3. d4 cxd4 4. Nxd4 Nf6 5. Nc3 e5 6. Ndb5 d6 7. Bg5 a6 8.
Na3 b5 9. Bxf6 gxf6 10. Nd5 f5 11. Bd3 Be6 12. c3 Bg7 13. O-O Bxd5 14. exd5 Ne7
15. Bc2 h5 16. c4 e4 17. Rb1 Qb6 18. Qe2 Rc8 19. b4 h4 20. Bb3 bxc4 21. Nxc4
Qd8 22. Na5 Kf8 23. Qxa6 Ra8 24. Qb5 Ng6 25. Qc6 Ne5 26. Qb7 h3 27. g3 Nf3+ 28.
Kh1 Nd2 29. Nc6 Qe8 30. Qc7 Rh6 31. Na5 Nxb1 32. Rxb1 e3 33. Qc2 exf2 34. Rf1
Bd4 35. Nc4 Qe1 36. Qd3 Re8 37. Nd2 Re2 38. Qxd4 Rxd2 39. Qc4 Re2 0-1

[Event "Richmond Hill Pro-Am int."]
[Site "Richmond Hill CAN"]
[Date "2006.??.??"]
[Round "6"]
[White "Kaufman, Larry"]
[Black "Stevens, Christian"]
[Result "1/2-1/2"]
[WhiteElo "2358"]
[BlackElo "2314"]
[PlyCount "70"]
[EventDate "2006.08.04"]
[EventType "tourn"]
[EventRounds "9"]
[EventCountry "CAN"]

1. d4 Nf6 2. c4 e6 3. Nc3 c5 4. d5 exd5 5. cxd5 d6 6. e4 g6 7. Bd3 Bg7 8. h3 a6
9. a4 O-O 10. Nf3 Nbd7 11. O-O Qe7 12. Bf4 Ne8 13. Qd2 Rb8 14. Rfe1 f6 15. Rab1
Ne5 16. Nxe5 fxe5 17. Bg5 Bf6 18. Bh6 Bg7 19. Bg5 Bf6 20. Be3 Ng7 21. b4 cxb4
22. Rxb4 Nh5 23. Ne2 g5 24. Rc1 Nf4 25. Rbc4 Qg7 26. Rc7 Qg6 27. Ng3 Nxd3 28.
Qxd3 g4 29. hxg4 Bxg4 30. Nf5 Kh8 31. Ba7 Bg5 32. Rg7 Qh5 33. Rcc7 Bxf5 34.
Bxb8 Bg6 35. Ba7 Rf4 1/2-1/2

[Event "Richmond Hill Pro-Am int."]
[Site "Richmond Hill CAN"]
[Date "2006.??.??"]
[Round "7"]
[White "Thorvardson, Barry"]
[Black "Kaufman, Larry"]
[Result "0-1"]
[WhiteElo "2075"]
[BlackElo "2358"]
[PlyCount "56"]
[EventDate "2006.08.04"]
[EventType "tourn"]
[EventRounds "9"]
[EventCountry "CAN"]

1. e4 c6 2. d4 d5 3. exd5 cxd5 4. c4 Nf6 5. Nc3 Nc6 6. Nf3 Bg4 7. Be2 e6 8. c5
Be7 9. a3 O-O 10. b4 Ne4 11. Bb2 Bf6 12. b5 Bxf3 13. gxf3 Nxf2 14. Kxf2 Bxd4+
15. Ke1 Qh4+ 16. Kd2 Na5 17. Rb1 Rac8 18. Bd3 Qf4+ 19. Ke1 Qe5+ 20. Kd2 Rxc5
21. Rc1 Rfc8 22. Qe1 Nb3+ 23. Kd1 Qxe1+ 24. Rxe1 Nxc1 25. Nxd5 Nxd3 26. Ne7+
Kf8 27. Bxd4 Rc1+ 28. Kd2 Kxe7 0-1

[Event "Richmond Hill Pro-Am int."]
[Site "Richmond Hill CAN"]
[Date "2006.??.??"]
[Round "7"]
[White "Zubac, Marius"]
[Black "Fedorowicz, John"]
[Result "1/2-1/2"]
[WhiteElo "2217"]
[BlackElo "2482"]
[PlyCount "27"]
[EventDate "2006.08.04"]
[EventType "tourn"]
[EventRounds "9"]
[EventCountry "CAN"]

1. d4 Nf6 2. c4 g6 3. Nc3 d5 4. cxd5 Nxd5 5. e4 Nxc3 6. bxc3 Bg7 7. Bc4 c5 8.
Nf3 Nc6 9. Be3 O-O 10. h4 cxd4 11. cxd4 Qd6 12. Rb1 Rd8 13. Qb3 e6 14. e5
1/2-1/2

[Event "Richmond Hill Pro-Am int."]
[Site "Richmond Hill CAN"]
[Date "2006.??.??"]
[Round "8"]
[White "Fedorowicz, John"]
[Black "Jiang, Louie"]
[Result "1-0"]
[WhiteElo "2482"]
[BlackElo "1965"]
[PlyCount "111"]
[EventDate "2006.08.04"]
[EventType "tourn"]
[EventRounds "9"]
[EventCountry "CAN"]

1. d4 d5 2. c4 e6 3. Nc3 Nf6 4. cxd5 exd5 5. Bg5 Nbd7 6. e3 c6 7. Bd3 Be7 8.
Nge2 O-O 9. O-O Re8 10. f3 Nf8 11. Bh4 Ng6 12. Bf2 Bd6 13. Kh1 Bd7 14. Rc1 Qe7
15. a3 Rec8 16. Bb1 Be6 17. Qd2 c5 18. Nb5 Bb8 19. dxc5 Rxc5 20. Rxc5 Qxc5 21.
Nbd4 Qe7 22. Rc1 Bd6 23. Ng3 Qd7 24. f4 Bg4 25. h3 Bh5 26. Bf5 Qe8 27. Qc2 Nf8
28. Nxh5 Nxh5 29. Qb3 g6 30. Bb1 Rc8 31. Rd1 Nf6 32. Bh4 N8d7 33. Qxb7 Rb8 34.
Qc6 Rb6 35. Qc1 Ne4 36. b4 Be7 37. Bxe4 dxe4 38. Bxe7 Qxe7 39. Qc8+ Nf8 40. Nc6
Qe6 41. Qxe6 Nxe6 42. Nxa7 Ra6 43. Nb5 Rc6 44. a4 Kf8 45. a5 Rc4 46. Rb1 Ke8
47. a6 Kd7 48. a7 Rc8 49. Rd1+ Ke7 50. Nd6 Ra8 51. b5 Nc5 52. b6 f5 53. Rd5 Nd7
54. b7 Rxa7 55. Nc8+ Ke6 56. Rd6+ 1-0

[Event "Richmond Hill Pro-Am int."]
[Site "Richmond Hill CAN"]
[Date "2006.??.??"]
[Round "8"]
[White "Kaufman, Larry"]
[Black "Corrales, Fidel"]
[Result "0-1"]
[WhiteElo "2358"]
[BlackElo "2492"]
[PlyCount "68"]
[EventDate "2006.08.04"]
[EventType "tourn"]
[EventRounds "9"]
[EventCountry "CAN"]

1. d4 Nf6 2. c4 e6 3. Nc3 Bb4 4. Qc2 d5 5. cxd5 exd5 6. Bg5 h6 7. Bxf6 Qxf6 8.
a3 Bxc3+ 9. Qxc3 O-O 10. e3 c6 11. Nf3 Bf5 12. Be2 Nd7 13. b4 Be4 14. O-O Qg6
15. Rfc1 Rae8 16. Ne1 h5 17. b5 Re6 18. Qa5 h4 19. h3 Nf6 20. Qxa7 Nh7 21. Qxb7
Ng5 22. Kf1 Rf6 23. Bg4 cxb5 24. Rc8 Rxc8 25. Qxc8+ Kh7 26. Rc1 Bd3+ 27. Kg1
Bc4 28. f4 Qe4 29. Nc2 Ne6 30. Bxe6 fxe6 31. f5 exf5 32. Qc7 Rg6 33. Qh2 Bd3
34. g4 fxg4 0-1

[Event "Richmond Hill Pro-Am int."]
[Site "Richmond Hill CAN"]
[Date "2006.??.??"]
[Round "9"]
[White "Thorvardson, Barry"]
[Black "Stevens, Christian"]
[Result "0-1"]
[WhiteElo "2075"]
[BlackElo "2314"]
[PlyCount "110"]
[EventDate "2006.08.04"]
[EventType "tourn"]
[EventRounds "9"]
[EventCountry "CAN"]

1. e4 c5 2. Nf3 e6 3. d4 cxd4 4. Nxd4 a6 5. Nc3 Qc7 6. g3 Nf6 7. Bg2 Nc6 8. Bg5
Nxd4 9. Qxd4 Bc5 10. Qd2 Ng4 11. O-O Ne5 12. Na4 Ba7 13. Bf4 b5 14. Qc3 Qxc3
15. Nxc3 f6 16. Rad1 Ke7 17. h3 Bb7 18. Kh2 Rac8 19. a3 d6 20. Bc1 h5 21. Rd2
Ba8 22. Re2 Bd4 23. Nd1 h4 24. g4 Nd3 25. Be3 Bxe3 26. Rxe3 Nf4 27. Nc3 Rc5 28.
Bf3 Rhc8 29. Bd1 Rc4 30. f3 Rd4 31. Nb1 d5 32. e5 fxe5 33. Rxe5 Kf6 34. Rfe1 g5
35. R5e3 Rdc4 36. c3 d4 37. cxd4 Rxd4 38. Bb3 Bd5 39. Bd1 Rc1 40. Nc3 Rd2+ 41.
Kh1 Rxb2 42. Nxd5+ exd5 43. Re8 Rd2 44. Ra8 Rcxd1 45. Rxa6+ Kg7 46. Ra7+ Kh6
47. Rxd1 Rxd1+ 48. Kh2 Rd2+ 49. Kh1 Nxh3 50. Rb7 Rd3 51. Rxb5 Rxa3 52. Rxd5
Rxf3 53. Rd6+ Kg7 54. Kg2 Rg3+ 55. Kh2 Nf4 0-1

[Event "Richmond Hill Pro-Am int."]
[Site "Richmond Hill CAN"]
[Date "2006.??.??"]
[Round "9"]
[White "Zubac, Marius"]
[Black "Kaufman, Larry"]
[Result "0-1"]
[WhiteElo "2358"]
[BlackElo "2217"]
[PlyCount "94"]
[EventDate "2006.08.04"]
[EventType "tourn"]
[EventRounds "9"]
[EventCountry "CAN"]

1. d4 d5 2. c4 c6 3. Nc3 Nf6 4. e3 a6 5. Nf3 b5 6. cxd5 cxd5 7. Bd3 Bg4 8. Bd2
Nbd7 9. a4 b4 10. Ne2 e6 11. Rc1 Bd6 12. Rc6 Nb8 13. Rc2 O-O 14. Ne5 Bf5 15.
Bxf5 exf5 16. Ng3 g6 17. h4 Ne4 18. Nxe4 fxe4 19. h5 Nd7 20. Nc6 Qg5 21. Bxb4
Bxb4+ 22. Nxb4 Nf6 23. Rc6 Ng4 24. Nxd5 Nh2 25. Qe2 Rab8 26. b4 Rfd8 27. Nf6+
Kg7 28. f4 exf3 29. Qf2 Qxg2 30. Qxg2 fxg2 31. Rg1 Nf3+ 32. Kf2 Nxg1 33. Kxg1
Rxb4 34. Rxa6 Rb2 35. Rc6 Ra8 36. Ng4 Rxa4 37. h6+ Kf8 38. Nf2 f5 39. Rc8+ Ke7
40. Rc1 Re2 41. Rc7+ Kf6 42. Rxh7 Ra1+ 43. Kxg2 Raa2 44. Rb7 Rxf2+ 45. Kg1 Rg2+
46. Kf1 Raf2+ 47. Ke1 Rb2 0-1

[Event "Rodgers mem"]
[Site "Ottawa CAN"]
[Date "2006.09.21"]
[Round "1"]
[White "Pacey, Kevin"]
[Black "Xiong, Sonja"]
[Result "1-0"]
[WhiteElo "2137"]
[BlackElo "1658"]
[PlyCount "71"]
[EventDate "2006.09.21"]
[EventType "swiss"]
[EventRounds "6"]
[EventCountry "CAN"]

1. d4 d5 2. Nf3 Bf5 3. c4 dxc4 4. Nc3 e6 5. e4 Bg6 6. Bxc4 c5 7. Bb5+ Nd7 8.
Ne5 Ngf6 9. Bg5 Be7 10. Bxf6 Bxf6 11. Nxd7 Ke7 12. Nxf6 gxf6 13. dxc5 Qc7 14.
Qd6+ Qxd6 15. cxd6+ Kxd6 16. O-O-O+ Kc7 17. Rd7+ Kc8 18. Rhd1 a6 19. Na4 Ra7
20. Nb6+ Kb8 21. Ba4 Bxe4 22. Rxf7 Bxg2 23. Rxf6 Bh3 24. Rf7 Bf5 25. Bc2 Bg4
26. Rg1 Be2 27. Rxh7 Rd8 28. h4 a5 29. Be4 e5 30. h5 a4 31. h6 Bb5 32. Rgg7 Ba6
33. Rd7 Re8 34. Rhe7 Rh8 35. h7 Rf8 36. Rg7 1-0

[Event "Rodgers mem"]
[Site "Ottawa CAN"]
[Date "2006.09.28"]
[Round "2"]
[White "Cliff, Scott"]
[Black "Pacey, Kevin"]
[Result "0-1"]
[WhiteElo "1880"]
[BlackElo "2137"]
[PlyCount "76"]
[EventDate "2006.09.21"]
[EventType "swiss"]
[EventRounds "6"]
[EventCountry "CAN"]

1. d4 d5 2. c4 e6 3. Nc3 Nf6 4. cxd5 exd5 5. Bg5 c6 6. Qc2 Be7 7. e3 Nbd7 8.
Bd3 Nh5 9. Bxe7 Qxe7 10. Nf3 Nf4 11. O-O Nxd3 12. Qxd3 O-O 13. Rab1 Nb6 14. b4
g6 15. Qe2 Bg4 16. b5 Nc4 17. Rfc1 Rfe8 18. Rd1 Rad8 19. h3 Bf5 20. Rbc1 h5 21.
bxc6 bxc6 22. Nd2 Nb2 23. Rf1 Bd3 24. Qf3 Bxf1 25. Kxf1 Qa3 26. Nb3 Nc4 27. Rc2
Rb8 28. e4 Rxb3 29. axb3 Qxb3 30. Qe2 dxe4 31. Kg1 Nd6 32. Nd1 Nf5 33. Rd2 a5
34. Ne3 Nxe3 35. fxe3 Rb8 36. Rc2 Qd3 37. Qxd3 exd3 38. Rc3 d2 0-1

[Event "Rodgers mem"]
[Site "Ottawa CAN"]
[Date "2006.10.05"]
[Round "3"]
[White "Pacey, Kevin"]
[Black "Xiong, Jerry"]
[Result "1-0"]
[WhiteElo "2137"]
[BlackElo "2008"]
[PlyCount "171"]
[EventDate "2006.09.21"]
[EventType "swiss"]
[EventRounds "6"]
[EventCountry "CAN"]

1. d4 c5 2. d5 Nf6 3. c4 e6 4. Nc3 d6 5. e4 Be7 6. Nf3 O-O 7. Be2 Re8 8. O-O
exd5 9. cxd5 a6 10. a4 Qc7 11. Nd2 Nbd7 12. Nc4 Rb8 13. a5 b5 14. axb6 Nxb6 15.
Na5 Bf8 16. f3 Ra8 17. Kh1 Nfd7 18. f4 g6 19. Bf3 Bg7 20. e5 Nxe5 21. fxe5 Bxe5
22. Nc6 Bg7 23. Re1 Bd7 24. Rxe8+ Bxe8 25. Qf1 Qb7 26. Bf4 Nc8 27. Re1 Bd7 28.
Ne4 Qxb2 29. Nxd6 Nxd6 30. Bxd6 a5 31. Bxc5 a4 32. Rb1 Qc2 33. Bd4 a3 34. Rc1
Qb3 35. Bxg7 Kxg7 36. Qd1 Qb2 37. Ra1 a2 38. h3 Ra3 39. Qd4+ Qxd4 40. Nxd4 Kf6
41. Nc2 Ra4 42. Ne3 Ke5 43. Bd1 Ra7 44. Bb3 Kd4 45. Nc4 Bf5 46. Rxa2 Rb7 47.
Na5 Rb5 48. Bc4 Rb1+ 49. Kh2 Kc5 50. Rd2 Kd6 51. Ba2 Rb8 52. Nc4+ Kc5 53. Ne3
Be4 54. d6 Rd8 55. Bxf7 Rxd6 56. Rxd6 Kxd6 57. Kg3 Ke5 58. h4 Bc6 59. Bb3 Bb7
60. Nc4+ Kf6 61. Bc2 Bd5 62. Ne3 Bc6 63. Kf4 Kg7 64. g3 Bb7 65. Ke5 Bc6 66. Bb3
Bd7 67. Nd5 Bc6 68. Nf4 Bd7 69. Ne6+ Kh8 70. Kf6 Be8 71. Kg5 Bf7 72. Kh6 Be8
73. Nf8 g5 74. Kxg5 Kg7 75. Ne6+ Kh8 76. Kh6 Bf7 77. Nd4 Bd5 78. Bc2 Bg8 79.
Bf5 Bf7 80. Bxh7 Be6 81. Bf5 Bf7 82. g4 Kg8 83. Be6 Kh8 84. g5 Be8 85. Bf5 Kg8
86. g6 1-0